00747nam a22001817a 4500003000900000008004100009020001800050040007100068082002100139100002200160245005900182260003400241300005800275440006000333505011300393650001400506700004500520AR-CdUCM190319b ||||| |||| 00| 0 spa d a84-205-0386-X aMUNICIPALIDAD PROVINCIAL DEL CUSCOcBIBLIOTECA MUNICIPAL DEL CUSCO 22ed.a530 /bL17 aLaidler, Keith J. aCinética de Reacciones :bReacciones en Solución / aEspaña :bAlhambra ;c1966. a136 páginas ;bTablas, fórmulas, diagramas c20cm aColección Exedra - Ciencia Técnica Ingeniería n4 aContenido: Reacciones en solución: Principios generales -- Algunos mecanismos de reacciones en solución  aFísica  aGómez Herrera, Fernando (traducción)